000 00297nam a22001337a 4500
008 181106b xxu||||| |||| 00| 0 eng d
020 _a9780321856913
041 _aeng
080 _21st
_a371
100 _a46
101 _aEDU
245 _aThe College Experience
_cBaldwin,A
942 _2udc
_cBK
999 _c52026
_d52026